Statistics for JRの急行列車

Click here to take the quiz!

General Stats

  • This quiz has been taken 34 times
  • The average score is 29 of 60

Answer Stats

列車名運行区間運行本数使用車両% Correct
能登上野~金沢1往復客車
90%
東海東京~静岡2往復電車
87%
宗谷札幌~稚内1往復客車
87%
大雪札幌~網走1往復客車
87%
銀河東京~大阪1往復客車
87%
あさぎり新宿~御殿場4往復電車
80%
かすが名古屋~奈良1往復気動車
80%
きたぐに大阪~新潟1往復電車
80%
まりも札幌~釧路1往復客車
80%
ちくま大阪~長野1往復客車
77%
アルプス新宿~南小谷1往復電車
77%
むろと高松~牟岐2往復気動車
73%
あしずり高松・高知~中村2.5往復気動車
70%
利尻札幌~稚内1往復客車
70%
富士川静岡・三島~甲府5往復電車
63%
たかやま大阪~飛騨古川1往復気動車
63%
天北札幌~稚内1往復客車
63%
だいせん大阪~出雲市1往復客車
63%
砂丘鳥取~岡山4往復気動車
57%
阿波高松~徳島11往復気動車
57%
はしだて天橋立~敦賀・福井1往復気動車
57%
みまさか大阪~中国勝山1往復気動車
57%
ノサップ釧路~根室1往復気動車
53%
いよ高松~松山1往復気動車
53%
土佐高松~高知・須崎2.5往復気動車
53%
狩勝札幌~釧路1往復気動車
53%
わかさ京都・西舞鶴~敦賀1往復気動車
50%
丹後京都~東舞鶴・網野・豊岡・福知山・城崎・敦賀5.5往復気動車
50%
能登路金沢~和倉温泉・輪島・珠洲・蛸島7往復気動車
47%
八甲田上野~青森1往復客車
47%
うわじま高松・新居浜・今治・松山~宇和島4往復気動車
47%
由布博多~別府3往復気動車
47%
くまがわ博多~湯前1往復気動車
47%
みよし新見・備後落合~広島1往復気動車
47%
よねしろ秋田~陸中花輪1往復気動車
43%
陸中盛岡~宮古3往復気動車
43%
礼文旭川~稚内1往復気動車
40%
津軽上野~青森1往復客車
40%
みささ大阪~鳥取1往復気動車
40%
妙高上野~長野1往復電車
37%
よしの川徳島~阿波池田2往復気動車
37%
べにばな山形~新潟2往復気動車
37%
ちどり米子~広島1往復気動車
37%
日南門司港~西鹿児島1往復客車
33%
えびの熊本~宮崎3往復気動車
33%
さんべ鳥取~下関1往復気動車
33%
但馬大阪・姫路~豊岡・鳥取2往復気動車
33%
たいしゃく新見~広島1往復気動車
30%
ちとせ札幌~苫小牧・室蘭・長万部2往復気動車
30%
のりくら名古屋~高山・猪谷・富山4往復気動車
27%
かいもん門司港~西鹿児島1往復客車
27%
月山山形~酒田・吹浦2往復気動車
27%
奥只見会津若松~浦佐1往復気動車
27%
ながと浜田・益田~下関・小倉1往復気動車
20%
かもしか富士見・茅野・上諏訪・天竜峡・飯田~長野3往復電車
20%
平戸唐津~長崎1往復気動車
20%
火の山熊本~別府3往復気動車
13%
そらち札幌~富良野・釧路1往復気動車
10%
とがくし小諸・長野~新潟2往復電車
10%
南越後松本~新潟1往復電車
3%

Score Distribution

Percentile by Number Answered

Percent of People with Each Score

Your Score History

You have not taken this quiz